OVERCOMING ANXIETY: A SELF-HELP GUIDE TO USING COGNITIVE BEHAVIORAL TECHNIQUES (Record no. 216553)

MARC details
000 -LEADER
fixed length control field 00576nam a22001817a 4500
008 - FIXED-LENGTH DATA ELEMENTS--GENERAL INFORMATION
fixed length control field 260205b |||||||| |||| 00| 0 eng d
020 ## - INTERNATIONAL STANDARD BOOK NUMBER
International Standard Book Number 978-1-84901-878-4
050 ## - LIBRARY OF CONGRESS CALL NUMBER
Classification number BF 575 .W 8 K 46 2014
100 ## - MAIN ENTRY--PERSONAL NAME
Personal name KENNERLEY HELEN
245 ## - TITLE STATEMENT
Title OVERCOMING ANXIETY: A SELF-HELP GUIDE TO USING COGNITIVE BEHAVIORAL TECHNIQUES
250 ## - EDITION STATEMENT
Edition statement 2
260 ## - PUBLICATION, DISTRIBUTION, ETC.
Place of publication, distribution, etc. LONDON,
Name of publisher, distributor, etc. ROBINSON PUBLISHING LTD,
Date of publication, distribution, etc. 1997,
300 ## - PHYSICAL DESCRIPTION
Extent XVi, 399 P, ILL
500 ## - GENERAL NOTE
General note INCLUDES BIBLIOGRAPHICAL REFERENCES AND INDEX
650 ## - SUBJECT ADDED ENTRY
Topical term or geographic name entry element 1. WORRY 2. FEAR 3. ANXIETY
942 ## - ADDED ENTRY ELEMENTS (KOHA)
Source of classification or shelving scheme Library of Congress Classification
Koha item type Long Loan Book
Holdings
Withdrawn status Lost status Source of classification or shelving scheme Damaged status Not for loan Collection Home library Current library Shelving location Date acquired Inventory number Total checkouts Full call number Barcode Date last seen Copy number Price effective from Koha item type
    Library of Congress Classification     Arts & Social Sciences Kisii University Library Kisii University Library On Display 02/05/2026 111468   BF 475 . W 8 K 46 2014 50761 02/05/2026 1 02/05/2026 Long Loan Book
    Library of Congress Classification     Arts & Social Sciences Kisii University Library Kisii University Library On Display 02/05/2026 111469   BF 575 .W 8 K 46 2014 50762 02/05/2026 2 02/05/2026 Long Loan Book
    Library of Congress Classification     Arts & Social Sciences Kisii University Library Kisii University Library On Display 02/05/2026 111470   BF 575 .W 8 K 46 2014 50842 02/05/2026 3 02/05/2026 Long Loan Book
    Library of Congress Classification     Arts & Social Sciences Kisii University Library Kisii University Library On Display 02/05/2026 111471   BF 575 .W 8 K 46 2014 50829 02/05/2026 4 02/05/2026 Long Loan Book
    Library of Congress Classification     Arts & Social Sciences Kisii University Library Kisii University Library On Display 02/05/2026 111472   BF 575 .W 8 K 46 2014 50837 02/05/2026 5 02/05/2026 Long Loan Book